Vũ Ngọc Phan toàn tập Trọn bộ 5 tập Tập 3

Saved in:
Bibliographic Details
Other Authors: Hồng Diệu (Sưu tầm, tuyển chọn và giới thiệu)
Format: Book
Language:Vietnamese
Published: H. Văn học 2010
Subjects:
Tags: Add Tag
No Tags, Be the first to tag this record!
Institutions: Mạng thư viện Đại học Đà Nẵng
LEADER 01346nam a2200373 4500
001 000005739
003 1887
005 20120410090421.0
008 110822s2010 viesd
020 |c 000đ 
041 0 |a vie 
082 |a 895.922  |b VU-P 
245 1 0 |a Vũ Ngọc Phan toàn tập  |b Trọn bộ 5 tập  |c Vũ Ngọc Phan ; Hồng Diệu sưu tầm, tuyển chọn và giới thiệu  |n Tập 3 
260 |a H.  |b Văn học  |c 2010 
300 |a 1027 tr :  |c 21cm 
500 |a Nhà xuất bản Văn học và gia đình giữ bản quyền tác giả 
504 |a Tập 3 
653 |a Văn học hiện đại 
653 |a Việt Nam 
653 |a Thi sĩ 
653 |a Nghệ thuật 
700 |a Hồng Diệu  |e Sưu tầm, tuyển chọn và giới thiệu 
773 |t Vũ Ngọc Phan toàn tập  |w 1880 
910 |a Nguyễn Thị Kim Oanh  |d 22/08/2011 
OWN |a LSP 
AVA |a UDN50  |b LSP  |d 895.922 VU-P  |e available  |t Error 5001 Not defined in file expand_doc_bib_avail.  |f 3  |g 0  |h N  |i 0  |k 1 
999 |a From the UDN01 
AVA |a UDN50  |b LSP  |d 895.922 VU-P  |e available  |t Error 5001 Not defined in file expand_doc_bib_avail.  |f 3  |g 0  |h N  |i 0  |k 1 
TYP |a Monograph 
TYP |a Printed language 
980 |a Mạng thư viện Đại học Đà Nẵng